Need For Speed Underground 2 - Voitures - Statistiques

Statistiques générales
  • Ce quiz a été pris 107 fois
  • Le résultat moyen est 11 sur 29
Statistiques - réponses
Voitures % Correct
Toyota Supra
70%
Peugeot 206
68%
Nissan Skyline
67%
Mazda RX-7
62%
Nissan 350Z
62%
Mazda RX-8
53%
Cadillac Escalade
52%
Volkswagen Golf
48%
Ford Mustang
47%
Peugeot 106
47%
Ford Focus
45%
Hummer H2
45%
Mitsubishi Lancer Evolution VIII
44%
Subaru Impreza
44%
Toyota Corolla
38%
Mitsubishi Eclipse
37%
Audi A3
36%
Nissan 240SX
33%
Opel Corsa
33%
Audi TT
27%
Lincoln Navigator
27%
Mitsubishi 3000GT
26%
Pontiac GTO
26%
Hyundai Coupé
22%
Toyota Celica
21%
Infiniti G35
19%
Lexus IS 300
18%
Nissan Sentra
16%
Mazda RX-5
10%
Aucun quiz correspondant
Distribution des résultats
% des personnes avec chaque résultat
Percentile par nombre de réponses
Votre historique - résultats
Vous n’avez pas pris ce quiz